Crash - Charli xcx - Statistics

General Stats
  • This quiz has been taken 6 times
  • The average score is 222 of 273
Answer Stats
% Correct
about
100%
again
100%
back
100%
crash
100%
crash,
100%
go
100%
gonna
100%
I
100%
I'm
100%
in
100%
into
100%
it
100%
legendary
100%
legendary,
100%
life
100%
me
100%
so
100%
take
100%
the
100%
to
100%
to,
100%
water,
100%
with
100%
you
100%
all,
67%
All
67%
all
67%
end
67%
high
67%
if
67%
self-destructive,
67%
self-destructive
67%
voltage,
67%
be
33%
better
33%
don't
33%
ever
33%
Feel
33%
hell
33%
I'll
33%
know
33%
looking
33%
mirror
33%
myself,
33%
than
33%
way
33%
when
33%
baby
0%
burn
0%
come
0%
coming
0%
curbside,
0%
down
0%
drive
0%
heaven
0%
nothing,
0%
on
0%
or
0%
Overloading
0%
put
0%
sent,
0%
speed
0%
up
0%
watch
0%
Wheels
0%
yeah
0%
No matching quizzes found
Score Distribution
Percent of People with Each Score
Percentile by Number Answered
Your Score History
You have not taken this quiz